000 00955nab a2200301 4500
003 BR-BrBNA
005 20251124220340.0
008 251124b bl.||||| |||| 00| 0 por d
040 _aBR-BrBNA
_bpor
072 _aF01 ; Q02 ; F30 ; E70
_b2121
100 _aOndei, Vera
245 _aGuaraná: cada planta, uma história
_bAgrotecnologia
500 _a6 illus.
650 _aGUARANÁ
650 _aPLANTA TREPADEIRA
650 _aARBUSTO
650 _aFRUTA DE CLIMA TROPICAL
650 _aPROCESSAMENTO
650 _aREFRIGERANTE
650 _aMELHORAMENTO VEGETAL
650 _aESTAQUIA
650 _aDENSIDADE DE PLANTIO
650 _aPRODUTIVIDADE
650 _aCOMERCIALIZAÇÃO
773 0 _01706
_9348076
_dSão Paulo-SP Editora Três Ltda - E-mail: luizfsa@revistadinheiro.com.br 2004
_o2025-0571
_tDinheiro Rural (Brazil)
_x1807-3700
_gv. 9(99) p. 38-40; (Jan 2013)
_wBR2025005223
942 _cANA
999 _c339194
_d339194